| 000 | 01169nam a2200229Ia 4500 | ||
|---|---|---|---|
| 001 | L100-565 | ||
| 003 | IT-CnALBA | ||
| 008 | 170116s9999||||xx |||||||||||||| ||und|| | ||
| 040 |
_aIT-CnALBA _cIT-CnALBA |
||
| 041 | _aITALIANO | ||
| 100 | _aWHITTAKER EDMUND | ||
| 245 | 0 | _aSPAZIO E SPIRITO | |
| 250 | _a1a ed. | ||
| 260 |
_aCINISELLO BALSAMO (MI) _bEDIZIONI PAOLINE _c1958 [1° Ed.: n.d.] |
||
| 300 | _a164 p. | ||
| 500 | _aTEORIE SULL'UNIVERSO E PROVE SULL'ESISTENZA DI DIO. GIUDEI E STOICI. NEOPLATONISMO. PROVA DELLA ESISTENZA DI DIO DI S. ANSELMO. SCIENZA MODERNA. ARISTOTELISMO. LE CINQUE VIE. LA SCUOLA FRANCESCANA. OCCAMISMO. NUOVO PLATONISMO. COPERNICO. SCOLASTICA DELLA | ||
| 501 | _aSocietà San Paolo EM - Piazza San Paolo, 14 - 12051 ALBA (CN) (non commercial uses only) ® Copyright 2017 | ||
| 520 | _aTEORIE SULL'UNIVERSO E PROVE SULL'ESISTENZA DI DIO. GIUDEI E STOICI. NEOPLATONISMO. PROVA DELLA ESISTENZA DI DIO DI S. ANSELMO. SCIENZA MODERNA. ARISTOTELISMO. LE CINQUE VIE. LA SCUOLA FRANCESCANA. OCCAMISMO. NUOVO PLATONISMO. COPERNICO. SCOLASTICA DELLA | ||
| 650 | _aFILOSOFIA E DISCIPLINE COLLEGATE | ||
| 942 | _cBK | ||
| 957 | _71 | ||
| 999 |
_a664 _bNO _g Copie: 1 _c259801 _d259801 |
||